Detalles MARC
| 000 -LÍDER |
| Campo fijo de descripción fija |
01598cam a2200337 i 4500 |
| 001 - NÚMERO DE CONTROL |
| Campo de control |
427093 |
| 003 - IDENTIFICADOR DEL NÚMERO DE CONTROL |
| Campo de control |
CO-MdFUSB |
| 005 - FECHA Y HORA DE LA ULTIMA TRANSACCIÓN |
| control field |
20180919111845.0 |
| 008 - ELEMENTOS DE LONGITUD FIJA -- INFORMACIÓN GENERAL |
| Campo fijo de descripción fija -- Información general |
990525t1998 enka b 001 0 eng d |
| 020 ## - NÚMERO INTERNACIONAL NORMALIZADO PARA LIBROS |
| Número Internacional Normalizado del libro |
028104886X |
| 040 ## - FUENTE DE CATALOGACIÓN |
| Agencia de catalogación original |
EYM |
| Agencia que realiza la transcripción |
CO-MdFUSB |
| Agencia que realiza la modificación |
CO-MdFUSB |
| -- |
COI |
| -- |
DAY |
| -- |
PTS |
| Idioma de catalogación |
spa |
| Convenciones de la descripción |
rda |
| 041 ## - CÓDIGO DE IDIOMA |
| Código de idioma para texto/pista de sonido o título separado |
eng |
| 049 ## - LOCAL HOLDINGS (OCLC) |
| Holding library |
PTSS |
| 082 ## - NÚMERO DE CLASIFICACIÓN DECIMAL DEWEY |
| Número de la edición del Dewey |
24 |
| Número de clasificación |
G 220.61 |
| Clave de autor-Numero de item |
G481o |
| 100 1# - ASIENTO PRINCIPAL--NOMBRE PERSONAL |
| Nombre personal |
Gillingham, S. E. |
| Término relacionador |
autor |
| 245 10 - TÍTULO |
| Título del Material |
One Bible, many voices |
| Parte restante del título - Subtitulo |
: different approaches to biblical studies |
| Mención de responsabilidad, etc. |
/ Susan E. Gillingham. |
| 264 #1 - PRODUCCIÓN, PUBLICACIÓN, DISTRIBUCIÓN, MANUFACTURA, Y COPYRIGHT |
| Lugar de producción, publicación, distribución, manufactura |
Great Britain : |
| Nombre del productor, publicador, distribuidor |
SPCK, |
| Fecha de producción, publicación, distribución, manufactura, o copyright |
℗1998 |
| 264 #4 - PRODUCCIÓN, PUBLICACIÓN, DISTRIBUCIÓN, MANUFACTURA, Y COPYRIGHT |
| Fecha de producción, publicación, distribución, manufactura, o copyright |
©1998 |
| 300 ## - DESCRIPCIÓN FÍSICA |
| Extensión |
xx, 280 páginas : |
| Otros detalles físicos |
ilustraciones ; |
| Dimensiones |
24 cm. |
| 336 ## - TIPO DE CONTENIDO |
| Fuente |
rdacontent |
| Término de tipo de contenido |
texto |
| Código de tipo de contenido |
txt |
| 337 ## - TIPO DE MEDIO |
| Fuente |
rdamedia |
| Nombre del tipo de medio |
sin mediación |
| Código del tipo de medio |
n |
| 338 ## - TIPO DE SOPORTE |
| Fuente |
rdacarrier |
| Nombre del tipo de soporte |
volumen |
| Código Tipo de soporte |
nc |
| 501 ## - NOTA DE “CON” |
| Nota de Contenido |
Incluye índice (páginas 271- 280) |
| 504 ## - NOTA DE BIBLIOGRAFÍA, ETC. |
| Nota de bibliografía, etc |
Bibliografía (páginas 248- 270) |
| 505 ## - NOTA DE CONTENIDO |
| Nota de contenido con formato preestablecido |
Parte uno: Pluralidad en la creación de la Biblia -- ¿Una biblioteca bíblica? Las partes más pequeñas del todo mayor -- ¿Una teología bíblica? Dos testamentos, un libro? -- ¿Un corpus bíblico? El cañón y los límites de la fe -- ¿Un texto bíblico? La variedad de versiones -- Parte dos: Pluralidad en la lectura de la Biblia -- Acercamientos teológicos a la Biblia -- Acercamientos históricos a la Biblia -- Acercamientos literarios a la Biblia -- Las muchas voces en los Salmos -- De la teoría a práctica: Lecturas del Salmo 8 |
| 630 07 - TITULO UNIFORME |
| Título uniforme |
Biblia |
| Subdivisión de materia general |
Crítica, interpretación, etc. |
| 942 ## - TIPO DE MATERIAL (KOHA) |
| Tipo de Item KOHA |
Libros General |